| 000 | 01815nas a2200505 i 4500 | ||
|---|---|---|---|
| 001 | 196598 | ||
| 003 | SpMaBN | ||
| 005 | 20250809024236.0 | ||
| 007 | ta | ||
| 008 | 241008c19849999sp qr p 0uuub0spa | ||
| 010 |
_ac _b1 |
||
| 016 | 7 |
_abiseBNE19940294577 _2SpMaBN _zBNR07632 |
|
| 017 |
_aM 1062-1984 _bOficina Depósito Legal Madrid |
||
| 022 | 0 |
_a0212-8926 _2_u |
|
| 035 | _a(SpMaBN)bise0000027560 | ||
| 035 | _a(OCoLC)436554410 | ||
| 035 | _a991029331949708606 | ||
| 037 | _bMovimiento por la Paz, el Desarme y la Libertad. San Agustín, 3-3º, 28014; Tf. 91-4297644, fax 91-4297373; correo electrónico: mpdli@ran.es | ||
| 040 |
_aSpMaBN _bspa _cSIC _dES-MaACL |
||
| 080 | _a341 | ||
| 080 | _a327.36 | ||
| 210 | 0 | _aTiempo paz | |
| 222 | 0 | _aTiempo de paz | |
| 245 | 0 | 0 | _aTiempo de paz |
| 260 |
_aMadrid : _bPaz y Libertad, _c1984- |
||
| 300 |
_av. ; _c26 cm |
||
| 310 | _aTrimestral | ||
| 336 |
_2rdacontent _atexto |
||
| 337 |
_2rdamedia _asin mediación |
||
| 338 |
_2rdacarrier _avolumen |
||
| 362 | 0 | _aN. 1 (invierno 1984)- | |
| 530 | _aDisponible también en Internet | ||
| 550 | _aMPDL | ||
| 650 | 7 |
_aDerecho internacional _2embne _911717 |
|
| 650 | 4 |
_aPacifismo _2embne _915784 |
|
| 655 | 7 |
_9226866 _aRevistas |
|
| 710 | 0 |
_aMovimiento por la Paz, el Desarme y la Libertad _95787 |
|
| 776 | 1 |
_iVersión en línea _tTiempo de paz (Internet) = _xISSN 2254-6685 _0196599 _w196599 |
|
| 852 |
_aES-MaACL _cHEM _jHEM-1828 _zCasillero actual: Cº 50 _hDonación: Editorial _9204316 |
||
| 856 | 4 |
_uhttps://dialnet.unirioja.es/servlet/revista?codigo=1901 _ySumarios de la revista en Dialnet |
|
| 866 | _o2023-2024- | ||
| 942 |
_2udc _n0 _cPERIODICA |
||
| 955 | _bPilar Fernández Vera | ||
| 999 |
_c196598 _d196598 |
||